| 000 | 00390nam a22001337a 4500 | ||
|---|---|---|---|
| 999 |
_c18650 _d18650 |
||
| 008 | 201204b xxu||||| |||| 00| 0 eng d | ||
| 020 | _a0195138341 | ||
| 050 |
_aMT1 _b.P73 2005 c.1 |
||
| 245 |
_aPraxial Music _breflections and dialogues _cEdited by David J. Elliott |
||
| 260 |
_aNew York _bOUP _c2005 |
||
| 300 | _axv, 336p. | ||
| 650 |
_aMusic _v instruction and study |
||
| 942 |
_2lcc _cBK |
||